00423 2200157 4500001002100000008004100021035002000062245006200082100003100144250000600175260003600181084001400217082000800231650001400239990001200253INLIS000000000001487 ind  a0010-1124000010 aIthaful Anam BilKhuttab RosulicMuhammad Khalil Al Khatib aKhalil Al Khatib, Muhammad a1 aJakarta :bDarul Fadhilahc2012 a200 MUH i a200 aNon Fiksi a0715316